| 000 | 01707nam a2200517 i 4500 | ||
|---|---|---|---|
| 001 | 44203 | ||
| 003 | KOSZ 005 | ||
| 005 | 20221011084734.0 | ||
| 008 | 030624s2003 pl a |000 0 pol | ||
| 015 | _aUWD 2003/14871 | ||
| 020 | _a8370856845 | ||
| 035 | _a991020979089705066 | ||
| 035 | _a(PL-WaBN)b15681312-48omnis_nlop | ||
| 035 | _ab15681312 | ||
| 035 | _a(OCoLC)830495217 | ||
| 035 | _a(PL)b0000001568131 | ||
| 035 | _a(EXLNZ-48OMNIS_NETWORK)9910203074405606 | ||
| 040 |
_aWA N _cWA N _dKOSZ 005/HR |
||
| 041 | 0 | _apol | |
| 046 | _k2003 | ||
| 080 | _a621.78 | ||
| 080 | _a621.98 | ||
| 080 | _a621.762 | ||
| 080 | _a539.3/.6 | ||
| 100 | 1 |
_aGronostajski, Zbigniew _d(1965- ) _eAutor |
|
| 245 | 1 | 0 |
_aBadania stosowane w zaawansowanych procesach kształtowania plastycznego / _cZbigniew Gronostajski. |
| 260 |
_aWrocław : _bOficyna Wydawnicza Politechniki Wrocławskiej, _c2003. |
||
| 300 |
_a207 s. : _bil. ; _c25 cm. |
||
| 336 |
_aTekst _btxt _2rdacontent |
||
| 337 |
_aBez urządzenia pośredniczącego _bn _2rdamedia |
||
| 338 |
_aWolumin _bnc _2rdacarrier |
||
| 380 | _aKsiążki | ||
| 388 | _a2001- | ||
| 504 | _aBibliogr. | ||
| 650 | 7 |
_aBlacha _2DBN |
|
| 650 | 7 |
_aMetale _2DBN |
|
| 650 | 7 |
_aMetalurgia proszków _2DBN |
|
| 650 | 7 |
_aNaprężenia i odkształcenia _2DBN |
|
| 650 | 7 |
_aObróbka plastyczna _2DBN |
|
| 650 | 7 |
_aPlastyczność _2DBN |
|
| 658 | _aInżynieria i technika | ||
| 710 | 2 |
_aOficyna Wydawnicza Politechniki Wrocławskiej _4pbl |
|
| 856 |
_uhttp://koha.tu.koszalin.pl/cgi-bin/koha/opac-detail.pl?biblionumber=44203 _yKatalog online BPK |
||
| 942 |
_2UKD _cKS |
||
| 999 |
_c44203 _d44203 |
||